000 00680nam a2200241 a 4500
005 20140310183502.0
008 100922s19uu xx 00 eng d
020 _a978-981-06-9942-0
050 _aQP 36
_b.M42 2007
100 _aMartini, Frederic H.
245 _aEssentials of anatomy & physiology.
250 _a4th ed.
260 _aJurong, Singapore :
_bPearson Education South Asia, PTE, LTD,
_c2009.
300 _a673 p. :
_c27 cm.
521 _aNUR
650 _aAnatomy.
650 _aPhysiology.
700 _aBartholomew, Edwin F.
700 _aOber, William C.
700 _aGarrison, Claire W.
942 _cBK
_2lcc
_kFOR
999 _c23961
_d23961